General mathematics: skills, problem solving applications. / (Record no. 1686)

MARC details
000 -LEADER
fixed length control field 01105nam a22001937a 4500
008 - FIXED-LENGTH DATA ELEMENTS--GENERAL INFORMATION
fixed length control field 120716t xxu||||| |||| 00| 0 eng d
020 ## - INTERNATIONAL STANDARD BOOK NUMBER
International Standard Book Number 0153536004
050 ## - LIBRARY OF CONGRESS CALL NUMBER
Classification number QA40.5.G31
100 ## - MAIN ENTRY--PERSONAL NAME
Personal name Gerardi, William J.
245 ## - TITLE STATEMENT
Title General mathematics: skills, problem solving applications. /
Statement of responsibility, etc. William J. Gerardi
260 ## - PUBLICATION, DISTRIBUTION, ETC.
Place of publication, distribution, etc. New York:
Name of publisher, distributor, etc. Harcourt Brace Jovanovich Publishers,
Date of publication, distribution, etc. 1982.
300 ## - PHYSICAL DESCRIPTION
Extent viii, 472 p.:
Other physical details ill.;
Dimensions 20cm.
500 ## - GENERAL NOTE
General note Includes index.
505 ## - FORMATTED CONTENTS NOTE
Formatted contents note Contents: Whole numbers: addition/subtraction -- Whole numbers : multiplication -- Whole numbers: Division -- Graphs and applications -- Decimals: Division -- Applying metric measures I -- Applying metric measures II -- Fractions: Addition/subtraction -- Fraction: Multiplication / Division -- Circles and applications -- Equations/ratio and proportion -- More on percent -- Statistics -- Probability -- Squares and square roots -- Integers: Addition/ subtraction -- Integers: Multiplication/ division -- Graphing and equations.
650 ## - SUBJECT ADDED ENTRY--TOPICAL TERM
Topical term or geographic name entry element Mathematics.
700 ## - ADDED ENTRY--PERSONAL NAME
Personal name Jones, Wimer L.
700 ## - ADDED ENTRY--PERSONAL NAME
Personal name Foster, Thomas R.
942 ## - ADDED ENTRY ELEMENTS (KOHA)
Source of classification or shelving scheme Library of Congress Classification
Koha item type Books
Holdings
Withdrawn status Lost status Source of classification or shelving scheme Damaged status Not for loan Home library Current library Shelving location Date acquired Total Checkouts Full call number Barcode Date last seen Copy number Price effective from Koha item type
    Library of Congress Classification     WISCONSIN INTERNATIONAL UNIVERSITY COLLEGE, GHANA - MAIN LIBRARY WISCONSIN INTERNATIONAL UNIVERSITY COLLEGE, GHANA - MAIN LIBRARY General Stacks 16/07/2012   QA40.5.G31 5190/12 16/07/2012 1 16/07/2012 Books

If you have any concerns or questions; kindly contact the library


© Powered by WIUC ICT DIRECTORATE